UBT Library

College mathematics : (Record no. 1187)

000 -LEADER
fixed length control field 00538nam a22001817a 4500
008 - FIXED-LENGTH DATA ELEMENTS--GENERAL INFORMATION
fixed length control field 150925b xxu||||| |||| 00| 0 eng d
020 ## - INTERNATIONAL STANDARD BOOK NUMBER
International Standard Book Number 0471136468
041 0# - LANGUAGE CODE
Language code of text/sound track or separate title eng
080 ## - UNIVERSAL DECIMAL CLASSIFICATION NUMBER
Universal Decimal Classification number 510.2
245 ## - TITLE STATEMENT
Title College mathematics :
Statement of responsibility, etc Ruric Wheeler; Karla Neal; Roseanne Hofmann;
260 ## -
-- New York :
-- J. Wiley & Sons,
-- c1996.
300 ## -
-- 600 f.:
-- me il.;
-- 24 cm.
650 #0 -
-- Matematika
650 #0 -
-- Grafikone
700 1# -
-- Neal, Karla.
700 1# -
-- Hofmann, Roseanne Salvatore.
942 ## - ADDED ENTRY ELEMENTS (KOHA)
Source of classification or shelving scheme
Item type Books
Holdings
Withdrawn status Lost status Source of classification or shelving scheme Damaged status Not for loan Collection code Permanent location Current location Shelving location Date acquired Total Checkouts Full call number Barcode Date last seen Price effective from Koha item type
          Koleksioni i përgjithshem UBT - Lipjan UBT - Lipjan Koleksioni i përgjithshem 09/25/2015   510.2 WHE 002-007749 09/25/2015 09/25/2015 Books
          Koleksioni i përgjithshem UBT - Lipjan UBT - Lipjan Koleksioni i përgjithshem 09/25/2015   510.2 WHE 002-007748 09/25/2015 09/25/2015 Books
UBT Library © 2015-2024. All rights reserved University Education for Business and Technology